[Event "MP Reykjavik Open 2011"]
[Site "Reykjavik ISL"]
[Date "2011.03.12"]
[Round "5.76"]
[White "Ragnarsson, Dagur"]
[Black "Gardarsson, Hordur"]
[Result "0-1"]
[WhiteElo "1625"]
[BlackElo "1851"]
[PlyCount "64"]
[EventDate "2011.03.09"]
[EventType "swiss"]
[EventRounds "9"]
[EventCountry "ISL"]
[Source "lmi"]
[SourceDate "2011.03.09"]

1. c4 c6 2. g3 Nf6 3. Bg2 d5 4. cxd5 cxd5 5. e3 e5 6. b3 Nc6 7. Ne2 Bf5 8. O-O
Nb4 9. Na3 Rc8 10. Nc3 Nd3 11. Nc2 Be7 12. f4 e4 13. Ne1 Bg4 14. Qc2 Be2 15.
Nxd3 Bxd3 16. Qd1 Bxf1 17. Bxf1 O-O 18. Bb2 a6 19. g4 h6 20. h4 d4 21. g5 dxc3
22. Bxc3 hxg5 23. hxg5 Nd5 24. Bb2 Bxg5 25. fxg5 Qxg5+ 26. Kh2 Rc6 27. Bh3 Rh6
28. Qe2 Qh4 29. Qf1 Rc8 30. Qf5 Rc2 31. Bxg7 Rxd2+ 32. Kg1 Qg3+ 0-1

[Event "MP Reykjavik Open 2011"]
[Site "Reykjavik ISL"]
[Date "2011.03.12"]
[Round "5.77"]
[White "Johannesson, Kristofer Joel"]
[Black "Calder, Dennis"]
[Result "0-1"]
[WhiteElo "1437"]
[BlackElo "1949"]
[PlyCount "42"]
[EventDate "2011.03.09"]
[EventType "swiss"]
[EventRounds "9"]
[EventCountry "ISL"]
[Source "lmi"]
[SourceDate "2011.03.09"]

1. e4 e5 2. Nf3 Nc6 3. Bc4 Nf6 4. O-O Bc5 5. d4 exd4 6. e5 d5 7. exf6 dxc4 8.
Re1+ Be6 9. Ng5 Qd5 10. Nc3 Qf5 11. Nce4 O-O-O 12. g4 Qd5 13. Bf4 Bf8 14. Qf3
gxf6 15. Nxe6 fxe6 16. Qe2 Bg7 17. Nd2 e5 18. Bg3 d3 19. cxd3 Nd4 20. Qd1 cxd3
21. Rf1 Ne2+ 0-1

[Event "MP Reykjavik Open 2011"]
[Site "Reykjavik ISL"]
[Date "2011.03.12"]
[Round "5.79"]
[White "Sigurdarson, Emil"]
[Black "Kjartansson, Dagur"]
[Result "1/2-1/2"]
[WhiteElo "1694"]
[BlackElo "1517"]
[PlyCount "99"]
[EventDate "2011.03.09"]
[EventType "swiss"]
[EventRounds "9"]
[EventCountry "ISL"]
[Source "lmi"]
[SourceDate "2011.03.09"]

1. e4 c5 2. c3 e5 3. Nf3 Nc6 4. Bc4 Be7 5. O-O Nf6 6. Re1 O-O 7. d3 d6 8. Be3
Bg4 9. Nbd2 a6 10. Bb3 b5 11. Nf1 h6 12. Ng3 a5 13. h3 Bxf3 14. Qxf3 a4 15. Bc2
Nh7 16. Nf5 Bg5 17. Qg3 Ne7 18. Nxh6+ gxh6 19. h4 f5 20. hxg5 f4 21. Qg4 Nxg5
22. Bd2 Kh7 23. f3 Rg8 24. Qh5 Ng6 25. Kf2 Nf7 26. Rh1 Qg5 27. Qxg5 Nxg5 28.
Rh5 Ne7 29. Rah1 Rg6 30. d4 Rag8 31. R5h2 Nc6 32. dxc5 dxc5 33. Rd1 Rd8 34. Bc1
Rxd1 35. Bxd1 Na5 36. Bc2 c4 37. Rh1 Rd6 38. Rd1 Rxd1 39. Bxd1 Ne6 40. Ke2 Nc5
41. Bc2 Kg6 42. Bd2 Kh5 43. Be1 Kg5 44. Bf2 Nd7 45. g3 h5 46. gxf4+ exf4 47.
Bd4 Nc6 48. Bf2 Na5 49. Bd4 Nc6 50. Bf2 1/2-1/2

[Event "MP Reykjavik Open 2011"]
[Site "Reykjavik ISL"]
[Date "2011.03.13"]
[Round "6.1"]
[White "Hess, Robert L"]
[Black "McShane, Luke J"]
[Result "1/2-1/2"]
[WhiteElo "2565"]
[BlackElo "2683"]
[PlyCount "56"]
[EventDate "2011.03.09"]
[EventType "swiss"]
[EventRounds "9"]
[EventCountry "ISL"]
[Source "lmi"]
[SourceDate "2011.03.09"]

1. e4 e5 2. Nf3 Nc6 3. Bb5 Nf6 4. d3 d6 5. d4 Bd7 6. Nc3 exd4 7. Nxd4 Nxd4 8.
Bxd7+ Qxd7 9. Qxd4 Be7 10. O-O O-O 11. b3 Rfe8 12. Bb2 Bf8 13. Rad1 Qc6 14.
Rfe1 Re6 15. Re2 Qb6 16. Qd3 Rae8 17. Rde1 c6 18. Bc1 g6 19. Be3 Qa5 20. Bd2
Qc7 21. f4 d5 22. exd5 Rxe2 23. Rxe2 Rxe2 24. Nxe2 Bc5+ 25. Kf1 cxd5 26. h3 Qc6
27. Be1 Ne4 28. Nc3 Nxc3 1/2-1/2

[Event "MP Reykjavik Open 2011"]
[Site "Reykjavik ISL"]
[Date "2011.03.13"]
[Round "6.2"]
[White "Kuzubov, Yuriy"]
[Black "Miton, Kamil"]
[Result "1-0"]
[WhiteElo "2627"]
[BlackElo "2600"]
[PlyCount "73"]
[EventDate "2011.03.09"]
[EventType "swiss"]
[EventRounds "9"]
[EventCountry "ISL"]
[Source "lmi"]
[SourceDate "2011.03.09"]

1. e4 c5 2. Nf3 e6 3. g3 Nc6 4. Bg2 Nf6 5. Qe2 d5 6. exd5 Nxd5 7. O-O Be7 8.
Rd1 Nd4 9. Nxd4 cxd4 10. c4 Nc7 11. d3 O-O 12. Nd2 a5 13. f4 Na6 14. Nf3 Nb4
15. Bd2 Nc6 16. Rf1 Qc7 17. Rae1 Bd7 18. Ne5 Bb4 19. a3 Bxd2 20. Qxd2 Rfd8 21.
b4 axb4 22. axb4 Be8 23. b5 Ne7 24. Ra1 Nf5 25. Qb2 f6 26. Nf3 Bh5 27. Rxa8
Rxa8 28. Ra1 Rd8 29. b6 Qc5 30. Nd2 Rb8 31. Ra7 Qe7 32. Qa3 Qd8 33. c5 Qc8 34.
Bxb7 Rxb7 35. Ra8 Rb8 36. Rxb8 Qxb8 37. Qa7 1-0

[Event "MP Reykjavik Open 2011"]
[Site "Reykjavik ISL"]
[Date "2011.03.13"]
[Round "6.3"]
[White "Gustafsson, Jan"]
[Black "Halkias, Stelios"]
[Result "1/2-1/2"]
[WhiteElo "2647"]
[BlackElo "2579"]
[PlyCount "44"]
[EventDate "2011.03.09"]
[EventType "swiss"]
[EventRounds "9"]
[EventCountry "ISL"]
[Source "lmi"]
[SourceDate "2011.03.09"]

1. c4 f5 2. Nf3 Nf6 3. g3 g6 4. Bg2 Bg7 5. O-O O-O 6. d4 d6 7. Nc3 c6 8. Rb1 a5
9. d5 e5 10. dxe6 Bxe6 11. b3 Na6 12. Bf4 Nh5 13. Bg5 Qc7 14. Qd2 Nc5 15. Rfd1
Rae8 16. Be3 f4 17. Bd4 fxg3 18. hxg3 Nf6 19. Rbc1 Bf5 20. Nh4 Bc8 21. Bf3 Qe7
22. Ng2 Bf5 1/2-1/2

[Event "MP Reykjavik Open 2011"]
[Site "Reykjavik ISL"]
[Date "2011.03.13"]
[Round "6.4"]
[White "Pelletier, Yannick"]
[Black "Miroshnichenko, Evgenij"]
[Result "1/2-1/2"]
[WhiteElo "2593"]
[BlackElo "2670"]
[PlyCount "55"]
[EventDate "2011.03.09"]
[EventType "swiss"]
[EventRounds "9"]
[EventCountry "ISL"]
[Source "lmi"]
[SourceDate "2011.03.09"]

1. Nf3 f5 2. d3 d6 3. e4 e5 4. Nc3 Nf6 5. g3 Be7 6. Bg2 O-O 7. O-O Nc6 8. h3
Kh8 9. Re1 fxe4 10. dxe4 Qe8 11. Nd5 Bd8 12. c3 Qh5 13. Nh2 Qf7 14. Be3 Be6 15.
Qd3 Qd7 16. h4 Ng4 17. Nxg4 Bxg4 18. b4 Ne7 19. f3 Nxd5 20. Qxd5 c6 21. Qd1 Be6
22. Qd2 Bc7 23. f4 exf4 24. Bxf4 Bg4 25. c4 Qe7 26. Rf1 a5 27. a3 axb4 28. axb4
1/2-1/2

[Event "MP Reykjavik Open 2011"]
[Site "Reykjavik ISL"]
[Date "2011.03.13"]
[Round "6.6"]
[White "Jones, Gawain C B"]
[Black "Hammer, Jon Ludvig"]
[Result "1/2-1/2"]
[WhiteElo "2578"]
[BlackElo "2606"]
[PlyCount "70"]
[EventDate "2011.03.09"]
[EventType "swiss"]
[EventRounds "9"]
[EventCountry "ISL"]
[Source "lmi"]
[SourceDate "2011.03.09"]

1. c4 Nf6 2. g3 e5 3. Bg2 d5 4. cxd5 Nxd5 5. Nc3 Nb6 6. Nf3 Nc6 7. O-O Be7 8.
a3 Be6 9. d3 O-O 10. b4 f6 11. Bb2 a5 12. b5 Nd4 13. Nd2 a4 14. e3 Nb3 15. Nxb3
Bxb3 16. Qe2 Rb8 17. Bh3 f5 18. e4 f4 19. Nd5 Nxd5 20. Be6+ Kh8 21. exd5 Bf6
22. Qe4 Qd6 23. Rae1 Rbd8 24. Bxe5 Bxe5 25. Qxe5 Bxd5 26. Bxd5 Qxd5 27. Qxc7
Qxb5 28. Re7 Qg5 29. Qxb7 fxg3 30. hxg3 Rxd3 31. Rf7 Rxf7 32. Qxf7 Rxg3+ 33.
fxg3 Qxg3+ 34. Kh1 Qh3+ 35. Kg1 Qg3+ 1/2-1/2

[Event "MP Reykjavik Open 2011"]
[Site "Reykjavik ISL"]
[Date "2011.03.13"]
[Round "6.7"]
[White "Hansen, Sune Berg"]
[Black "Friedel, Joshua E"]
[Result "1/2-1/2"]
[WhiteElo "2603"]
[BlackElo "2529"]
[PlyCount "47"]
[EventDate "2011.03.09"]
[EventType "swiss"]
[EventRounds "9"]
[EventCountry "ISL"]
[Source "lmi"]
[SourceDate "2011.03.09"]

1. e4 e5 2. Nf3 Nc6 3. Bb5 a6 4. Ba4 Nf6 5. d3 d6 6. c3 g6 7. Nbd2 Bg7 8. O-O
O-O 9. Re1 Nd7 10. Nf1 Nc5 11. Bxc6 bxc6 12. d4 Nd7 13. Ng3 Rb8 14. Qc2 c5 15.
Be3 cxd4 16. cxd4 exd4 17. Bxd4 Ne5 18. Nxe5 Bxe5 19. Bxe5 dxe5 20. Ne2 Be6 21.
b3 Rb4 22. Rad1 Qe7 23. Nc3 Rd8 24. Rxd8+ 1/2-1/2

[Event "MP Reykjavik Open 2011"]
[Site "Reykjavik ISL"]
[Date "2011.03.13"]
[Round "6.8"]
[White "Berbatov, Kiprian"]
[Black "Chatalbashev, Boris"]
[Result "1/2-1/2"]
[WhiteElo "2454"]
[BlackElo "2602"]
[PlyCount "40"]
[EventDate "2011.03.09"]
[EventType "swiss"]
[EventRounds "9"]
[EventCountry "ISL"]
[Source "lmi"]
[SourceDate "2011.03.09"]

1. e4 g6 2. d4 Bg7 3. Nc3 c6 4. Nf3 d5 5. h3 Nf6 6. Bd3 dxe4 7. Nxe4 Nxe4 8.
Bxe4 O-O 9. O-O Nd7 10. c3 e5 11. dxe5 Nxe5 12. Nxe5 Bxe5 13. Bh6 Bg7 14. Bxg7
Kxg7 15. Bc2 Be6 16. Bb3 Re8 17. Re1 Qxd1 18. Raxd1 Kf6 19. Bxe6 Rxe6 20. Rxe6+
Kxe6 1/2-1/2

[Event "MP Reykjavik Open 2011"]
[Site "Reykjavik ISL"]
[Date "2011.03.13"]
[Round "6.9"]
[White "Baklan, Vladimir"]
[Black "Hillarp Persson, Tiger"]
[Result "1/2-1/2"]
[WhiteElo "2602"]
[BlackElo "2524"]
[PlyCount "85"]
[EventDate "2011.03.09"]
[EventType "swiss"]
[EventRounds "9"]
[EventCountry "ISL"]
[Source "lmi"]
[SourceDate "2011.03.09"]

1. e4 d6 2. d4 Nf6 3. Nc3 g6 4. f4 Bg7 5. Nf3 c5 6. Bb5+ Bd7 7. e5 Ng4 8. Bxd7+
Qxd7 9. d5 dxe5 10. h3 e4 11. Nxe4 Nf6 12. Nxf6+ Bxf6 13. O-O O-O 14. Ne5 Qa4
15. c4 Qxd1 16. Rxd1 Rd8 17. Bd2 Nd7 18. Bc3 Nb6 19. b3 Nc8 20. Re1 Nd6 21.
Rac1 Rac8 22. a4 Re8 23. Nf3 Bxc3 24. Rxc3 Rc7 25. Rce3 Kf8 26. g4 b6 27. Ng5
h6 28. Ne4 Nxe4 29. Rxe4 Rd8 30. f5 Rd6 31. Kg2 Rf6 32. Re5 h5 33. gxh5 gxf5
34. Kf3 f4 35. Rg5 Rd7 36. Re4 e6 37. Rxf4 Rxf4+ 38. Kxf4 f6 39. Rg6 exd5 40.
Rxf6+ Kg7 41. Rg6+ Kh7 42. cxd5 Rxd5 43. a5 1/2-1/2

[Event "MP Reykjavik Open 2011"]
[Site "Reykjavik ISL"]
[Date "2011.03.13"]
[Round "6.10"]
[White "Sokolov, Ivan"]
[Black "Sammalvuo, Tapani"]
[Result "1-0"]
[WhiteElo "2643"]
[BlackElo "2471"]
[PlyCount "67"]
[EventDate "2011.03.09"]
[EventType "swiss"]
[EventRounds "9"]
[EventCountry "ISL"]
[Source "lmi"]
[SourceDate "2011.03.09"]

1. d4 Nf6 2. c4 e6 3. Nc3 Bb4 4. e3 O-O 5. Bd3 d5 6. Nf3 c5 7. O-O Nc6 8. a3
Bxc3 9. bxc3 dxc4 10. Bxc4 Qc7 11. h3 e5 12. Bb2 e4 13. Nd2 b6 14. Ba2 Bf5 15.
Qe2 Rad8 16. Rfd1 Na5 17. c4 Rfe8 18. Nf1 Bg6 19. Ng3 Re7 20. h4 h5 21. dxc5
Rxd1+ 22. Rxd1 bxc5 23. Bxf6 gxf6 24. Nxh5 Re6 25. Nf4 Rd6 26. Nd5 Qd8 27. Qg4
Kf8 28. Qf4 Kg7 29. Qg3 Kh8 30. h5 Bh7 31. Qf4 Nc6 32. Bb1 f5 33. Rd2 f6 34.
Qh6 1-0

[Event "MP Reykjavik Open 2011"]
[Site "Reykjavik ISL"]
[Date "2011.03.13"]
[Round "6.11"]
[White "Ziska, Helgi Dam"]
[Black "Fier, Alexandr"]
[Result "0-1"]
[WhiteElo "2432"]
[BlackElo "2586"]
[PlyCount "98"]
[EventDate "2011.03.09"]
[EventType "swiss"]
[EventRounds "9"]
[EventCountry "ISL"]
[Source "lmi"]
[SourceDate "2011.03.09"]

1. e4 c5 2. Nf3 d6 3. d4 cxd4 4. Nxd4 Nf6 5. Nc3 e6 6. g4 h6 7. h4 Nc6 8. Rg1
d5 9. Bb5 Bd7 10. exd5 Nxd5 11. Nxd5 exd5 12. Be3 Be7 13. Qd2 O-O 14. Be2 Nxd4
15. Bxd4 Bxh4 16. O-O-O Re8 17. f4 Re4 18. Kb1 Bf6 19. Bf2 g5 20. f5 Bc6 21.
Bd3 Ra4 22. b3 Rf4 23. Be3 Rf3 24. Be2 Rh3 25. Bd4 Qe7 26. Bf1 Bxd4 27. Qxd4
Rf3 28. Qd2 Rf4 29. Bd3 Qf6 30. Rde1 a5 31. a3 a4 32. b4 Re8 33. b5 Rxe1+ 34.
Rxe1 Bd7 35. Qa5 b6 36. Qa8+ Kg7 37. Qxd5 Qd4 38. Qb7 Rxg4 39. Ka2 Qd6 40. Rf1
Rf4 41. Rxf4 gxf4 42. Qg2+ Kf6 43. Qh1 Bxf5 44. Qxh6+ Bg6 45. Kb1 f3 46. Bxg6
fxg6 47. Qe3 Qd1+ 48. Kb2 Qe2 49. Qxb6+ Kf5 0-1

[Event "MP Reykjavik Open 2011"]
[Site "Reykjavik ISL"]
[Date "2011.03.13"]
[Round "6.12"]
[White "Gupta, Abhijeet"]
[Black "Thomassen, Joachim"]
[Result "1-0"]
[WhiteElo "2580"]
[BlackElo "2396"]
[PlyCount "169"]
[EventDate "2011.03.09"]
[EventType "swiss"]
[EventRounds "9"]
[EventCountry "ISL"]
[Source "lmi"]
[SourceDate "2011.03.09"]

1. d4 Nf6 2. c4 g6 3. Nc3 Bg7 4. e4 d6 5. f3 O-O 6. Nge2 a6 7. Be3 Nbd7 8. Qd2
c5 9. Rd1 Qc7 10. Nc1 cxd4 11. Bxd4 b6 12. Be2 Bb7 13. O-O Rac8 14. Rfe1 Rfd8
15. Bf1 e6 16. Qf2 Re8 17. Nb3 Ba8 18. Be3 Rcd8 19. Rc1 Qb8 20. Red1 Nc5 21.
Nd4 Ncd7 22. b4 Ne5 23. h3 Rc8 24. Na4 d5 25. exd5 exd5 26. c5 bxc5 27. bxc5
Nc4 28. Bxc4 dxc4 29. Rxc4 Nd5 30. Bc1 Nf4 31. Bxf4 Qxf4 32. Nb6 Rcd8 33. Nxa8
Rxa8 34. Qd2 Qh4 35. Qf2 Qf4 36. g3 Qg5 37. Nb3 Rac8 38. c6 Re6 39. Rdc1 Qd5
40. c7 Re7 41. f4 Qb7 42. Na5 Qd5 43. Nc6 Rd7 44. Kh2 Qd6 45. Nb8 Rdxc7 46.
Rxc7 Rxc7 47. Rxc7 Qxc7 48. Nxa6 Qd6 49. Nc5 Qd5 50. Nb3 h5 51. h4 Qc4 52. Qd2
Kh7 53. Nc1 Qf1 54. Nb3 Qc4 55. Qf2 Bf6 56. Kg1 Qd3 57. Qg2 Kg7 58. Nd2 Bc3 59.
Ne4 Bd4+ 60. Kh2 Qe3 61. Ng5 Bf6 62. Nf3 Qa3 63. Qe2 Bb2 64. Ne1 Bc3 65. Nd3
Qa4 66. f5 Bf6 67. fxg6 fxg6 68. Nc5 Qa7 69. Ne6+ Kf7 70. Nf4 Qb6 71. a4 Qd6
72. Qc4+ Kg7 73. Qd5 Qb6 74. a5 Qf2+ 75. Qg2 Qa7 76. Qe2 Qf7 77. a6 Bd4 78. Qe4
Ba7 79. Qe5+ Kh7 80. Qd5 Qxd5 81. Nxd5 g5 82. hxg5 Kg6 83. Ne7+ Kxg5 84. Nc6
Bb6 85. Kh3 1-0

[Event "MP Reykjavik Open 2011"]
[Site "Reykjavik ISL"]
[Date "2011.03.13"]
[Round "6.13"]
[White "Debashis, Das"]
[Black "Nyzhnyk, Illya"]
[Result "0-1"]
[WhiteElo "2398"]
[BlackElo "2563"]
[PlyCount "126"]
[EventDate "2011.03.09"]
[EventType "swiss"]
[EventRounds "9"]
[EventCountry "ISL"]
[Source "lmi"]
[SourceDate "2011.03.09"]

1. e4 c5 2. Nf3 d6 3. d4 cxd4 4. Nxd4 Nf6 5. Nc3 a6 6. Be3 e5 7. Nb3 Be6 8. f4
exf4 9. Bxf4 Nc6 10. Qd2 d5 11. O-O-O Nxe4 12. Nxe4 dxe4 13. Qe3 Qf6 14. Qxe4
Be7 15. Bd3 Nb4 16. Be5 Qg5+ 17. Bf4 Qf6 18. Be5 Qg5+ 19. Bf4 Qd5 20. Qxd5 Nxd5
21. Bd2 O-O-O 22. Nd4 Bg4 23. Rde1 Bb4 24. c3 Bc5 25. h3 Bh5 26. Bf5+ Kb8 27.
Nb3 Bf2 28. Ref1 Bg3 29. Nd4 h6 30. Bc2 g5 31. Kb1 Rhe8 32. Nf5 Bf4 33. Bxf4+
Nxf4 34. g3 Ne2 35. g4 Bg6 36. Rf2 Rd2 37. Rhf1 Red8 38. a4 a5 39. Rf3 h5 40.
gxh5 Bxh5 41. R3f2 Bg6 42. Ne3 Rxc2 43. Nxc2 Rd2 44. Rxf7 Bxc2+ 45. Ka2 Nf4 46.
R1xf4 gxf4 47. Rxf4 Ka7 48. h4 Re2 49. Ka3 Re3 50. Rd4 Kb6 51. Rd2 Bd3 52. Rh2
Re6 53. Rf2 Kc5 54. Rf7 Be4 55. Rg7 Kc4 56. Rg5 b6 57. h5 Rf6 58. Rg4 Kd3 59.
Rg5 Kc2 60. Rb5 Rf1 61. Ka2 Bd3 62. Rxb6 Bc4+ 63. b3 Rb1 0-1

[Event "MP Reykjavik Open 2011"]
[Site "Reykjavik ISL"]
[Date "2011.03.13"]
[Round "6.14"]
[White "Danielsen, Henrik"]
[Black "Milliet, Sophie"]
[Result "1-0"]
[WhiteElo "2533"]
[BlackElo "2369"]
[PlyCount "73"]
[EventDate "2011.03.09"]
[EventType "swiss"]
[EventRounds "9"]
[EventCountry "ISL"]
[Source "lmi"]
[SourceDate "2011.03.09"]

1. Nf3 Nf6 2. g3 d5 3. Bg2 c6 4. O-O Bg4 5. d3 Nbd7 6. c4 e6 7. Nc3 dxc4 8.
dxc4 Bxf3 9. exf3 Be7 10. Qe2 O-O 11. Rd1 a5 12. Na4 Qb8 13. Bf4 Qa7 14. Be3
Qb8 15. f4 Re8 16. g4 Nf8 17. Nb6 Ra6 18. g5 Bd8 19. Rxd8 Qxd8 20. gxf6 Rxb6
21. Rd1 Qc7 22. f5 c5 23. fxg7 Kxg7 24. Bd2 Qe7 25. Bxa5 Ra6 26. Bc3+ f6 27.
Qg4+ Kh8 28. a3 exf5 29. Qxf5 Ng6 30. Bd5 Ne5 31. Kh1 Rd6 32. Re1 b5 33. b3
bxc4 34. bxc4 Qd8 35. f4 Nd7 36. Rg1 Nb6 37. Qg5 1-0

[Event "MP Reykjavik Open 2011"]
[Site "Reykjavik ISL"]
[Date "2011.03.13"]
[Round "6.15"]
[White "Mekhitarian, Krikor Sevag"]
[Black "Sveshnikov, Vladimir"]
[Result "0-1"]
[WhiteElo "2529"]
[BlackElo "2379"]
[PlyCount "92"]
[EventDate "2011.03.09"]
[EventType "swiss"]
[EventRounds "9"]
[EventCountry "ISL"]
[Source "lmi"]
[SourceDate "2011.03.09"]

1. d4 d5 2. c4 c6 3. Nc3 e6 4. e4 dxe4 5. Nxe4 Bb4+ 6. Bd2 Qxd4 7. Bxb4 Qxe4+
8. Be2 Na6 9. Ba5 b6 10. Qd6 Bd7 11. Bc3 Nf6 12. Nf3 c5 13. Ne5 Rd8 14. Rd1 Qb7
15. Bf3 Qb8 16. Nc6 Qxd6 17. Rxd6 Bxc6 18. Rxd8+ Kxd8 19. Bxc6 Nb4 20. Bxb4
cxb4 21. Ke2 Kc7 22. Bf3 Rd8 23. Ke3 Nd7 24. Be4 g6 25. f4 f5 26. Bc2 e5 27. h4
h5 28. Rd1 e4 29. a3 bxa3 30. b4 a5 31. bxa5 bxa5 32. Ra1 Nb6 33. Ke2 Kc6 34.
Rxa3 Nxc4 35. Rc3 Kb5 36. Bb3 Rd4 37. Rg3 Rd2+ 38. Ke1 Rd6 39. Rc3 Kb4 40.
Rxc4+ Kxb3 41. Rc8 a4 42. Rb8+ Ka2 43. Ke2 a3 44. Rb7 Rd3 45. Rb6 Rg3 46. Kf2
Rb3 0-1

[Event "MP Reykjavik Open 2011"]
[Site "Reykjavik ISL"]
[Date "2011.03.13"]
[Round "6.16"]
[White "Sharevich, Anna"]
[Black "Kveinys, Aloyzas"]
[Result "0-1"]
[WhiteElo "2323"]
[BlackElo "2506"]
[PlyCount "140"]
[EventDate "2011.03.09"]
[EventType "swiss"]
[EventRounds "9"]
[EventCountry "ISL"]
[Source "lmi"]
[SourceDate "2011.03.09"]

1. d4 Nf6 2. c4 e6 3. g3 Bb4+ 4. Bd2 a5 5. Bg2 d6 6. Nf3 Nbd7 7. O-O e5 8. e3
Bxd2 9. Nbxd2 O-O 10. Qc2 Qe7 11. e4 Re8 12. Rad1 c6 13. Rfe1 h6 14. Nb1 Nh7
15. Nc3 Ng5 16. d5 Nc5 17. Nxg5 hxg5 18. b3 Na6 19. Rd2 c5 20. Nd1 Bd7 21. Ne3
a4 22. bxa4 Nc7 23. Qb1 Reb8 24. Rb2 Ra7 25. Ree2 Bc8 26. Rb6 Ne8 27. Reb2 Rxa4
28. Bf3 Nf6 29. g4 Nh7 30. Be2 Ra7 31. Bd1 Qc7 32. Rc6 Qe7 33. Rcb6 Qd8 34. Nf5
Bxf5 35. exf5 Nf6 36. a4 Qe7 37. a5 Rxa5 38. Rxb7 Rxb7 39. Rxb7 Nd7 40. f6 Qe8
41. Bc2 e4 42. Bxe4 gxf6 43. Qe1 Ra8 44. Bh7+ Kf8 45. Qb1 Ne5 46. Qe1 Ra4 47.
Bf5 Rxc4 48. Qe3 Qa8 49. Qb3 Nf3+ 50. Kg2 Nh4+ 51. Kf1 Rb4 52. Rxb4 cxb4 53.
Bc2 Qa6+ 54. Ke1 Ng2+ 55. Kd2 Qb6 56. Qf3 Qd4+ 57. Kc1 Nf4 58. Be4 b3 59. Kb1
Qa4 60. Kc1 Qa3+ 61. Kd2 Qa2+ 62. Kc3 b2 63. Qd1 Qa5+ 64. Kb3 Qb5+ 65. Ka3 Nxd5
66. Qd4 Kg7 67. Bb1 Nb6 68. Ka2 Nc4 69. Qd1 Qb4 70. Bd3 b1=Q+ 0-1

[Event "MP Reykjavik Open 2011"]
[Site "Reykjavik ISL"]
[Date "2011.03.13"]
[Round "6.17"]
[White "D'amore, Carlo"]
[Black "Mack, Wolfgang"]
[Result "1-0"]
[WhiteElo "2505"]
[BlackElo "2282"]
[PlyCount "79"]
[EventDate "2011.03.09"]
[EventType "swiss"]
[EventRounds "9"]
[EventCountry "ISL"]
[Source "lmi"]
[SourceDate "2011.03.09"]

1. e4 g6 2. d4 Bg7 3. Nc3 d6 4. f4 a6 5. Nf3 b5 6. Bd3 Nd7 7. e5 Bb7 8. O-O c5
9. Be4 Bxe4 10. Nxe4 cxd4 11. e6 fxe6 12. Neg5 Nf8 13. Nxd4 Bxd4+ 14. Qxd4 Nf6
15. a4 h6 16. Nf3 Rb8 17. axb5 axb5 18. Be3 Rh7 19. Kh1 Nd5 20. Bd2 Qb6 21. Qe4
Qb7 22. Nd4 Nc7 23. Qd3 Rf7 24. Rae1 Ra8 25. Ra1 Rxa1 26. Rxa1 e5 27. fxe5 dxe5
28. Nb3 Rf2 29. Qg3 Re2 30. Bxh6 Nce6 31. Rg1 Qe4 32. c3 Qd5 33. Nc1 Rxb2 34.
Nd3 Re2 35. h3 e4 36. Nf4 Nxf4 37. Qxf4 Ne6 38. Qg4 Qh5 39. Qxe6 Qxh6 40. Qc8+
1-0

[Event "MP Reykjavik Open 2011"]
[Site "Reykjavik ISL"]
[Date "2011.03.13"]
[Round "6.18"]
[White "Halldorsson, Jon Arni"]
[Black "Grover, Sahaj"]
[Result "0-1"]
[WhiteElo "2195"]
[BlackElo "2495"]
[PlyCount "80"]
[EventDate "2011.03.09"]
[EventType "swiss"]
[EventRounds "9"]
[EventCountry "ISL"]
[Source "lmi"]
[SourceDate "2011.03.09"]

1. d4 e6 2. Nf3 Nf6 3. g3 b5 4. Bg2 d5 5. O-O Be7 6. b3 Bb7 7. c4 bxc4 8. bxc4
dxc4 9. Na3 c3 10. Nb5 Nbd7 11. Nxc3 c5 12. dxc5 Bxc5 13. Bf4 O-O 14. Rb1 Nb6
15. Na4 Bxf3 16. Nxc5 Bxg2 17. Kxg2 Nfd5 18. Bd2 Rc8 19. Rc1 Qd6 20. Na4 Rxc1
21. Bxc1 Qc6 22. e4 Nxa4 23. exd5 exd5 24. Qd4 Nc5 25. Rd1 Rd8 26. Kg1 a6 27.
Bb2 Ne6 28. Qe5 d4 29. Rd2 h6 30. h4 Qc4 31. a3 d3 32. f4 Rd5 33. Qb8+ Kh7 34.
Qb4 Qxb4 35. axb4 Kg6 36. Kf2 Kf5 37. Kf3 h5 38. Ke3 Kg4 39. Rxd3 Rxd3+ 40.
Kxd3 f5 0-1

[Event "MP Reykjavik Open 2011"]
[Site "Reykjavik ISL"]
[Date "2011.03.13"]
[Round "6.19"]
[White "Saemundsson, Bjarni"]
[Black "Stefansson, Hannes"]
[Result "0-1"]
[WhiteElo "1923"]
[BlackElo "2557"]
[PlyCount "50"]
[EventDate "2011.03.09"]
[EventType "swiss"]
[EventRounds "9"]
[EventCountry "ISL"]
[Source "lmi"]
[SourceDate "2011.03.09"]

1. d4 Nf6 2. Nc3 d5 3. Bg5 c6 4. Qd3 Qb6 5. Rb1 Nbd7 6. Nf3 e6 7. e4 Bb4 8. e5
Ne4 9. Bd2 Nxd2 10. Qxd2 c5 11. a3 Bxc3 12. Qxc3 cxd4 13. Nxd4 O-O 14. Nf3 f6
15. exf6 Nxf6 16. Bd3 e5 17. Nxe5 Ne4 18. Bxe4 Qxf2+ 19. Kd1 dxe4 20. Qc4+ Kh8
21. Qxe4 Bf5 22. Qc4 Rfd8+ 23. Nd3 Bxd3 24. cxd3 Rac8 25. Qb3 Re8 0-1

[Event "MP Reykjavik Open 2011"]
[Site "Reykjavik ISL"]
[Date "2011.03.13"]
[Round "6.20"]
[White "Karavade, Eesha"]
[Black "Sveshnikov, Evgeny"]
[Result "1/2-1/2"]
[WhiteElo "2330"]
[BlackElo "2527"]
[PlyCount "83"]
[EventDate "2011.03.09"]
[EventType "swiss"]
[EventRounds "9"]
[EventCountry "ISL"]
[Source "lmi"]
[SourceDate "2011.03.09"]

1. d4 d5 2. c4 e6 3. Nc3 Nf6 4. Nf3 c6 5. Bg5 dxc4 6. e4 b5 7. e5 h6 8. Bh4 g5
9. Nxg5 hxg5 10. Bxg5 Nbd7 11. exf6 Bb7 12. g3 c5 13. d5 Qb6 14. Bg2 O-O-O 15.
O-O b4 16. Na4 Qa6 17. a3 Bxd5 18. Bxd5 Ne5 19. axb4 Rxd5 20. Qe2 cxb4 21. Nc3
Qd6 22. Nxd5 Qxd5 23. f3 Nd3 24. Be3 Bc5 25. Bxc5 Qxc5+ 26. Kh1 a5 27. b3 Rd8
28. bxc4 Kc7 29. Kg2 Kb6 30. Rfd1 Qxc4 31. Qe3+ Kb5 32. Rac1 Qd4 33. Rxd3 Qxd3
34. Qc5+ Ka4 35. Ra1+ Kb3 36. Qxa5 Qc2+ 37. Kh3 Rh8+ 38. Kg4 Rg8+ 39. Kh3 Rh8+
40. Kg4 Rg8+ 41. Kh3 Rh8+ 42. Kg4 1/2-1/2

[Event "MP Reykjavik Open 2011"]
[Site "Reykjavik ISL"]
[Date "2011.03.13"]
[Round "6.21"]
[White "Piasetski, Leon"]
[Black "Dronavalli, Harika"]
[Result "0-1"]
[WhiteElo "2299"]
[BlackElo "2524"]
[PlyCount "84"]
[EventDate "2011.03.09"]
[EventType "swiss"]
[EventRounds "9"]
[EventCountry "ISL"]
[Source "lmi"]
[SourceDate "2011.03.09"]

1. c4 g6 2. e4 Bg7 3. d4 d6 4. Nc3 Nf6 5. Nf3 O-O 6. h3 e5 7. d5 a5 8. Bg5 Na6
9. Nd2 Qe8 10. Be2 Nd7 11. h4 Ndc5 12. h5 f5 13. h6 Bf6 14. Be3 Bd7 15. Nb3 b6
16. Nxc5 Nxc5 17. f3 Qe7 18. Qd2 fxe4 19. fxe4 Bh4+ 20. Kd1 Bg3 21. Bf3 Bf4 22.
Ne2 Bxe3 23. Qxe3 b5 24. cxb5 Bxb5 25. Nc3 Ba6 26. Kc2 Bd3+ 27. Kd2 Rab8 28. b3
Rb4 29. Rad1 Rfb8 30. Ke1 Ba6 31. Kf2 Rf8 32. g3 a4 33. bxa4 Rb2+ 34. Rd2 Nd3+
35. Kg2 Nf4+ 36. Kf2 Qg5 37. Nb5 Rxd2+ 38. Qxd2 Nh3+ 39. Ke2 Qxg3 40. Qe3 Nf4+
41. Kd2 Bxb5 42. axb5 Ng2 0-1

[Event "MP Reykjavik Open 2011"]
[Site "Reykjavik ISL"]
[Date "2011.03.13"]
[Round "6.22"]
[White "Gislason, Gudmundur"]
[Black "Henrichs, Thomas"]
[Result "1/2-1/2"]
[WhiteElo "2291"]
[BlackElo "2480"]
[PlyCount "66"]
[EventDate "2011.03.09"]
[EventType "swiss"]
[EventRounds "9"]
[EventCountry "ISL"]
[Source "lmi"]
[SourceDate "2011.03.09"]

1. d4 Nf6 2. c4 g6 3. g3 Bg7 4. Bg2 d5 5. cxd5 Nxd5 6. Nf3 Nb6 7. O-O Nc6 8. e3
O-O 9. Nc3 Re8 10. Re1 a5 11. h3 a4 12. Rb1 h6 13. b3 axb3 14. axb3 e5 15. d5
e4 16. dxc6 Bxc3 17. Nd4 bxc6 18. Bb2 Bxb2 19. Rxb2 c5 20. Nb5 Qe7 21. Nc3 Qe5
22. Qc2 f5 23. Rc1 Ba6 24. Bf1 Bxf1 25. Kxf1 c4 26. Na4 Qb5 27. Kg2 cxb3 28.
Nxb6 bxc2 29. Rxb5 Rab8 30. Rxc2 Rxb6 31. Rbc5 c6 32. Rxc6 Rxc6 33. Rxc6 Kf7
1/2-1/2